| 000 | 00453nam a2200145Ia 4500 | ||
|---|---|---|---|
| 008 | 231129s2009||||xx |||||||||||||| ||spa|| | ||
| 020 | _a978-958-44-3431-9 | ||
| 040 | _bspa | ||
| 082 | _aCo861 H868r | ||
| 100 | _aHoyos Suárez Hernán Adálber | ||
| 245 | 0 | _aRecreos de ilusión | |
| 260 | _c2009 | ||
| 264 | _aNeiva Huila Colombia : Gobernación del Huila. Secretaría de Cultura y Turismo | ||
| 942 |
_2ddc _cBKS |
||
| 999 |
_c23786 _d23786 |
||